The meaning of dispute (Record no. 72329)
[ view plain ]
| 000 -LEADER | |
|---|---|
| fixed length control field | 01903cam a2200289 4500 |
| 001 - CONTROL NUMBER | |
| control field | ABS66513 |
| 008 - FIXED-LENGTH DATA ELEMENTS--GENERAL INFORMATION | |
| fixed length control field | 030321n2003 000 0 eng u |
| 035 ## - SYSTEM CONTROL NUMBER | |
| System control number | (Sirsi) u121707 |
| 100 ## - MAIN ENTRY--PERSONAL NAME | |
| Personal name | Brewer, G. |
| 245 #4 - TITLE STATEMENT | |
| Title | The meaning of dispute |
| 260 ## - PUBLICATION, DISTRIBUTION, ETC. | |
| Date of publication, distribution, etc. | 2003 |
| 490 ## - SERIES STATEMENT | |
| Series statement | Contract Journal |
| Volume/sequential designation | 417(6417) 12 March 2003, 23(1) |
| 490 ## - SERIES STATEMENT | |
| Series statement | Construction News |
| Volume/sequential designation | (6826) 24 July 2003, 28(1) |
| 520 ## - SUMMARY, ETC. | |
| Summary, etc. | The Housing Grants, Construction and Regeneration Act 1996 s108(1) allows any party to a construction contract to refer a dispute arising under the contract to adjudication. The article discusses a number of leading cases which aim to establish what constitutes a disputes including "Cowlin Construction v CFW Architects" [2002] EWHC 2914 (TCC), "Fastrack Contractors v Morrison Construction" (QBD [2001] 75 Con LR 33), "Sindall Ltd v Solland" (QBD [2002] 80 Con LR 152) "Edmund Nuttall v R G Carter" (TCC Abs65503) and "Halki Shipping Corporation v Sopex Oils"(CA X91568, X88910). Concludes that the referring party in adjudication should ensure that matters raised with the opposing party should be given appropriate time for consideration before referring them to adjudication. |
| 590 ## - LOCAL NOTE (RLIN) | |
| Local note | ABS |
| 650 ## - SUBJECT ADDED ENTRY--TOPICAL TERM | |
| Topical term or geographic name entry element | COWLIN CONSTRUCTION LTD V C F W ARCHITECTS |
| 650 ## - SUBJECT ADDED ENTRY--TOPICAL TERM | |
| Topical term or geographic name entry element | DISPUTE |
| 650 ## - SUBJECT ADDED ENTRY--TOPICAL TERM | |
| Topical term or geographic name entry element | HOUSING GRANTS CONSTRUCTION AND REGENERATION ACT 1996 S108(1) |
| 650 ## - SUBJECT ADDED ENTRY--TOPICAL TERM | |
| Topical term or geographic name entry element | MANAGEMENT-DISPUTE AVOIDANCE, MANAGEMENT AND RESOLUTION-DISPUTE MANAGEMENT AND RESOLUTION-ALTERNATIVE DISPUTE RESOLUTION-ADJUDICATION |
| 650 ## - SUBJECT ADDED ENTRY--TOPICAL TERM | |
| Topical term or geographic name entry element | CRUDEN CONSTRUCTION LTD V NEW TOWNS COMMISSION |
| 650 ## - SUBJECT ADDED ENTRY--TOPICAL TERM | |
| Topical term or geographic name entry element | FASTRACK CONTRACTORS V MORRISON CONSTRUCTION |
| 650 ## - SUBJECT ADDED ENTRY--TOPICAL TERM | |
| Topical term or geographic name entry element | SINDALL LTD V SOLLAND |
| 650 ## - SUBJECT ADDED ENTRY--TOPICAL TERM | |
| Topical term or geographic name entry element | EDMUND NUTTALL LTD V R G CARTER LTD |
| 650 ## - SUBJECT ADDED ENTRY--TOPICAL TERM | |
| Topical term or geographic name entry element | HALKI SHIPPING CORPORATION V SOPEX OILS LTD |
| 690 ## - LOCAL SUBJECT ADDED ENTRY--TOPICAL TERM (OCLC, RLIN) | |
| Topical term or geographic name as entry element | MANGEMENT-DISPUTE AVOIDANCE, MANAGEMENT AND RESOLUTION-DISPUTE MANAGEMENT AND RESOLUTION |
| 942 ## - ADDED ENTRY ELEMENTS (KOHA) | |
| Suppress in OPAC | 0 |
| Withdrawn status | Lost status | Source of classification or shelving scheme | Damaged status | Not for loan | Home library | Current library | Shelving location | Date acquired | Total Checkouts | Full call number | Barcode | Date last seen | Copy number | Price effective from | Koha item type |
|---|---|---|---|---|---|---|---|---|---|---|---|---|---|---|---|
| Dewey Decimal Classification | London | London | Journal article | 21/03/2003 | ABS66513 | 121707-1001 | 06/08/2019 | 1 | 06/08/2019 | Journal article |